Cases and Readings in Production and Operations Management (Record no. 6114)

MARC details
005 - DATE AND TIME OF LATEST TRANSACTION
control field 20250628163255.0
020 ## - INTERNATIONAL STANDARD BOOK NUMBER
International Standard Book Number 0205139361
082 ## - DEWEY DECIMAL CLASSIFICATION NUMBER
Classification number 658.5 LAT
100 ## - MAIN ENTRY--PERSONAL NAME
Author name LATONA,C.J.
245 ## - TITLE STATEMENT
Title Cases and Readings in Production and Operations Management
260 ## - PUBLICATION, DISTRIBUTION, ETC.
Place of publication, distribution, etc. London
Name of publisher, distributor, etc. Allyn and Bacon Inc,
Date of publication, distribution, etc. 1994
300 ## - PHYSICAL DESCRIPTION
Extent xix,263p.
Other physical details Index
Dimensions 27cm.
700 ## - ADDED ENTRY--PERSONAL NAME
Other authors/Editors NATHAN,J.
942 ## - ADDED ENTRY ELEMENTS (KOHA)
Source of classification or shelving scheme Dewey Decimal Classification
Koha item type Books
Holdings
Date last seen Total checkouts Full call number Barcode Cost, replacement price Price effective from Koha item type Lost status Source of classification or shelving scheme Damaged status Not for loan Withdrawn status Home library Current library Shelving location Date acquired Source of acquisition Cost, normal purchase price
06/28/2025   658.5 LAT DOM0001369 90000.00 06/28/2025 Books   Dewey Decimal Classification       CBE Dodoma CBE Dodoma General Collection 01/07/1996 Library budget 30000.00